[Event "Koege Lang Jubilaeum Weekend Grp3 2022"]
[Site "Koge"]
[Date "2022.07.06"]
[Round "1"]
[White "Kaergaard, Sissel"]
[Black "Nielsen, Kai Gylling"]
[Result "1-0"]
[WhiteElo "1588"]
[BlackElo "1735"]
[PlyCount "111"]
[EventDate "2022.07.06"]
[EventType "tourn"]
[EventRounds "9"]
[EventCountry "DEN"]

1. d4 Nf6 2. Nf3 d5 3. Bf4 Nbd7 4. e3 g6 5. Nbd2 Bg7 6. c4 c6 7. Be2 c5 8. O-O
cxd4 9. exd4 dxc4 10. Bxc4 O-O 11. Bxf7+ Rxf7 12. Ng5 Nd5 13. Nxf7 Kxf7 14. Qf3
N7f6 15. Nc4 Kg8 16. Bg3 Bg4 17. Qb3 Be2 18. Rfe1 Bxc4 19. Qxc4 Rc8 20. Qb3 Qd7
21. h3 Rc6 22. Re2 h5 23. Rae1 Kh7 24. Qd3 e6 25. Re5 Nb4 26. Qb1 Nc2 27. Rd1
Bh6 28. Rc5 Rxc5 29. dxc5 Qa4 30. b3 Qe4 31. Qb2 Nd5 32. Qe5 Qxe5 33. Bxe5 Ncb4
34. a3 Nc6 35. Bd6 a5 36. Re1 Nd4 37. a4 Bd2 38. Re5 Kg7 39. Rxd5 Nf3+ 40. gxf3
exd5 41. Kf1 Kf7 42. Ke2 Bb4 43. Kd3 Ke6 44. Kd4 b6 45. Bf8 Be1 46. Ke3 bxc5
47. Bxc5 Bb4 48. Bxb4 axb4 49. Kd4 Kd6 50. a5 Kc6 51. a6 Kb6 52. Kxd5 Kxa6 53.
Kc5 Ka5 54. Kc4 g5 55. Kc5 h4 56. Kc4 1-0

[Event "Koege Lang Jubilaeum Weekend Grp3 2022"]
[Site "Koge"]
[Date "2022.07.06"]
[Round "1"]
[White "Sandbech, Ted Henrik"]
[Black "Dyremose, Flemming"]
[Result "1/2-1/2"]
[WhiteElo "1649"]
[BlackElo "1638"]
[PlyCount "100"]
[EventDate "2022.07.06"]
[EventType "tourn"]
[EventRounds "9"]
[EventCountry "DEN"]

1. Nf3 c5 2. e4 d6 3. Nc3 a6 4. a4 Nc6 5. Be2 e6 6. O-O Be7 7. d4 cxd4 8. Nxd4
Nf6 9. Bf3 Ne5 10. Be2 O-O 11. Rb1 Bd7 12. Be3 Rc8 13. f4 Nc6 14. Nxc6 Bxc6 15.
Bf3 Nd7 16. Qe1 Re8 17. Rd1 Qc7 18. Qg3 Bf6 19. Bd4 Bxd4+ 20. Rxd4 Nc5 21. Qf2
b6 22. Rfd1 Red8 23. b3 a5 24. Qd2 Nb7 25. Kh1 Be8 26. Rc4 Qe7 27. Rxc8 Rxc8
28. Ne2 g6 29. e5 d5 30. c4 Bc6 31. cxd5 Bxd5 32. Bxd5 exd5 33. h3 Rd8 34. Nd4
Qd7 35. Re1 Nc5 36. Qe3 Ne4 37. Rf1 Rc8 38. Rc1 Rxc1+ 39. Qxc1 Nc5 40. Qe3 Ne6
41. Nxe6 Qxe6 42. Qd4 Qc6 43. Kh2 Qc5 44. Qd3 d4 45. Qe4 Qc3 46. Qa8+ Kg7 47.
Qd8 Qxb3 48. Qf6+ Kg8 49. Qd8+ Kg7 50. Qf6+ Kf8 1/2-1/2

[Event "Koege Lang Jubilaeum Weekend Grp3 2022"]
[Site "Koge"]
[Date "2022.07.06"]
[Round "1"]
[White "Petersen, Rasmus"]
[Black "Rasmussen, Matthias"]
[Result "0-1"]
[WhiteElo "1679"]
[BlackElo "1583"]
[PlyCount "56"]
[EventDate "2022.07.06"]
[EventType "tourn"]
[EventRounds "9"]
[EventCountry "DEN"]

1. d4 Nf6 2. Nf3 b6 3. g3 Bb7 4. Bg2 e6 5. O-O Be7 6. c4 c5 7. b3 cxd4 8. Nxd4
Bxg2 9. Kxg2 d5 10. cxd5 Qxd5+ 11. Nf3 Nbd7 12. Ba3 Bxa3 13. Nxa3 Qb7 14. Nc4
O-O 15. Kg1 Rfd8 16. Qd4 Nc5 17. Qb2 Rac8 18. Rfd1 h5 19. Nd6 Rxd6 20. Rxd6 Nd5
21. Qe5 Qa6 22. e4 Qe2 23. exd5 Qxf3 24. dxe6 Ne4 25. exf7+ Kf8 26. Qd4 h4 27.
Re1 h3 28. Qxe4 Qxe4 0-1

[Event "Koege Lang Jubilaeum Weekend Grp3 2022"]
[Site "Koge"]
[Date "2022.07.06"]
[Round "1"]
[White "Nielsen, Jorgen Kamp"]
[Black "Hald, Morten Hansen"]
[Result "0-1"]
[WhiteElo "1685"]
[BlackElo "1757"]
[PlyCount "86"]
[EventDate "2022.07.06"]
[EventType "tourn"]
[EventRounds "9"]
[EventCountry "DEN"]

1. e4 Nc6 2. d4 d5 3. e5 Bf5 4. Nf3 e6 5. Bb5 Qd7 6. c3 h6 7. Bd3 Nge7 8. b3
Bxd3 9. Qxd3 Ng6 10. g3 Be7 11. Ba3 O-O 12. O-O a6 13. h4 b5 14. Bxe7 Ngxe7 15.
Nbd2 f5 16. b4 Ng6 17. Nb3 Qf7 18. Nc5 Nd8 19. a4 c6 20. axb5 cxb5 21. Rxa6
Rxa6 22. Nxa6 Qb7 23. Nc5 Qb6 24. Nd7 Qa6 25. Nxf8 Nxf8 26. Rb1 Nd7 27. Qf1 Nb6
28. Ra1 Na4 29. Nd2 Qc6 30. Rxa4 bxa4 31. Qa1 Qb5 32. Nb1 Qd3 33. Na3 f4 34. g4
Qh3 35. Qd1 f3 36. Qf1 Qxg4+ 37. Kh2 Qxh4+ 38. Kg1 Nf7 39. b5 Ng5 40. b6 Nh3+
41. Kh1 Nxf2+ 42. Kg1 Qg3+ 43. Qg2 Qxg2# 0-1

[Event "Koege Lang Jubilaeum Weekend Grp3 2022"]
[Site "Koge"]
[Date "2022.07.06"]
[Round "2"]
[White "Kaergaard, Sissel"]
[Black "Pedersen, Kim Michael"]
[Result "1/2-1/2"]
[WhiteElo "1588"]
[BlackElo "1719"]
[PlyCount "75"]
[EventDate "2022.07.06"]
[EventType "tourn"]
[EventRounds "9"]
[EventCountry "DEN"]

1. d4 d5 2. Nf3 Nf6 3. Bg5 g6 4. Bxf6 exf6 5. e3 Bg7 6. c4 O-O 7. cxd5 Qxd5 8.
Nc3 Qa5 9. Bc4 c6 10. O-O Bg4 11. h3 Bxf3 12. Qxf3 Nd7 13. Rad1 f5 14. Bb3 Nb6
15. e4 fxe4 16. Nxe4 Nd5 17. Nc5 Qc7 18. Bxd5 cxd5 19. Qxd5 b6 20. Nb3 Rad8 21.
Qf3 a5 22. Rc1 Qb8 23. d5 Bxb2 24. Rc2 Qe5 25. Re2 Qg7 26. Rb1 Ba3 27. Nd2 Bc5
28. Nc4 Qd4 29. Ne3 Rfe8 30. Rd1 Qe5 31. Rde1 Qc3 32. Ng4 Qxe1+ 33. Rxe1 Rxe1+
34. Kh2 h5 35. Qf6 Be7 36. Qc3 Bb4 37. Qf6 Be7 38. Qc3 1/2-1/2

[Event "Koege Lang Jubilaeum Weekend Grp3 2022"]
[Site "Koge"]
[Date "2022.07.06"]
[Round "2"]
[White "Nielsen, Angelo"]
[Black "Sandbech, Ted Henrik"]
[Result "0-1"]
[WhiteElo "1689"]
[BlackElo "1649"]
[PlyCount "54"]
[EventDate "2022.07.06"]
[EventType "tourn"]
[EventRounds "9"]
[EventCountry "DEN"]

1. d4 d5 2. Nc3 Bf5 3. Bf4 c6 4. e3 Nf6 5. Bd3 Bxd3 6. Qxd3 e6 7. O-O-O Bb4 8.
Nge2 Nbd7 9. a3 Be7 10. e4 dxe4 11. Nxe4 Nxe4 12. Qxe4 Bg5 13. Kb1 Bxf4 14.
Nxf4 Nf6 15. Qe2 Qc7 16. g3 O-O-O 17. Rhe1 Qb6 18. c3 Nd5 19. Nxd5 Rxd5 20. Qc2
g6 21. Re5 Rhd8 22. Rde1 c5 23. dxc5 Qxc5 24. Rxd5 Qxd5 25. Kc1 Qa2 26. Re2
Qa1+ 27. Qb1 Rd1+ 0-1

[Event "Koege Lang Jubilaeum Weekend Grp3 2022"]
[Site "Koge"]
[Date "2022.07.06"]
[Round "2"]
[White "Dyremose, Flemming"]
[Black "Petersen, Rasmus"]
[Result "1/2-1/2"]
[WhiteElo "1638"]
[BlackElo "1679"]
[PlyCount "78"]
[EventDate "2022.07.06"]
[EventType "tourn"]
[EventRounds "9"]
[EventCountry "DEN"]

1. d4 Nf6 2. c4 e6 3. Nf3 d5 4. e3 Bb4+ 5. Bd2 Qe7 6. a3 Bxd2+ 7. Nbxd2 O-O 8.
Bd3 c5 9. dxc5 dxc4 10. Bxc4 Qxc5 11. O-O b6 12. Rc1 Qe7 13. Rc2 Ba6 14. Qc1
Rc8 15. Bxa6 Rxc2 16. Qxc2 Nxa6 17. Rc1 Qc5 18. b4 Qxc2 19. Rxc2 Rd8 20. Kf1
Kf8 21. Ke2 Ke7 22. Nd4 Rd7 23. Rc8 Rb7 24. f3 Kd7 25. Rc2 Rc7 26. Rxc7+ Nxc7
27. e4 Nfe8 28. f4 Nd6 29. Kd3 a6 30. e5 Ndb5 31. Nxb5 Nxb5 32. a4 Nc7 33. g3
Nd5 34. b5 axb5 35. axb5 Nb4+ 36. Ke4 Nd5 37. Kd4 Nc7 38. Kc4 Nd5 39. Kd4 Nc7
1/2-1/2

[Event "Koege Lang Jubilaeum Weekend Grp3 2022"]
[Site "Koge"]
[Date "2022.07.06"]
[Round "2"]
[White "Rasmussen, Matthias"]
[Black "Nielsen, Jorgen Kamp"]
[Result "0-1"]
[WhiteElo "1583"]
[BlackElo "1685"]
[PlyCount "70"]
[EventDate "2022.07.06"]
[EventType "tourn"]
[EventRounds "9"]
[EventCountry "DEN"]

1. e4 c5 2. Nf3 Nc6 3. c3 d5 4. exd5 Qxd5 5. c4 Qe4+ 6. Qe2 Qxe2+ 7. Bxe2 Bg4
8. h3 Bh5 9. g4 Bg6 10. Nc3 h6 11. a3 e6 12. b3 Bd6 13. Nb5 Bb8 14. Bb2 a6 15.
Nc3 Nf6 16. Na4 Bd6 17. d4 cxd4 18. Nxd4 O-O 19. Nxc6 bxc6 20. c5 Be7 21. Nb6
Ra7 22. b4 Be4 23. f3 Bd5 24. Kf2 a5 25. h4 Nd7 26. Nxd5 exd5 27. Bd3 Rfa8 28.
g5 axb4 29. gxh6 Nxc5 30. h7+ Kh8 31. Bf5 bxa3 32. Bd4 Ra4 33. Bc3 Rxh4 34.
Rag1 d4 35. Rxh4 Bxh4+ 0-1

[Event "Koege Lang Jubilaeum Weekend Grp3 2022"]
[Site "Koge"]
[Date "2022.07.06"]
[Round "2"]
[White "Nielsen, Kai Gylling"]
[Black "Hald, Morten Hansen"]
[Result "1-0"]
[WhiteElo "1735"]
[BlackElo "1757"]
[PlyCount "113"]
[EventDate "2022.07.06"]
[EventType "tourn"]
[EventRounds "9"]
[EventCountry "DEN"]

1. e4 Nc6 2. Nf3 e5 3. Bc4 Nf6 4. O-O Be7 5. d3 d6 6. Bd5 Nxd5 7. exd5 Nb8 8.
c4 O-O 9. h3 Nd7 10. Nc3 f5 11. Nh2 Nf6 12. f4 Bd7 13. Be3 c6 14. Qf3 Qe8 15.
Rae1 Qg6 16. Bf2 Qf7 17. fxe5 dxe5 18. Rxe5 Bd6 19. Re2 c5 20. a4 b6 21. Nb5
Bxb5 22. axb5 Qc7 23. g3 Nd7 24. Rd1 f4 25. g4 Ne5 26. Qh1 Rae8 27. Rde1 Qd7
28. Rd2 Qf7 29. Nf3 h6 30. Nxe5 Rxe5 31. Qf3 Rxe1+ 32. Bxe1 Re8 33. Re2 Rxe2
34. Qxe2 Qf6 35. Qe6+ Qxe6 36. dxe6 Kf8 37. Bc3 g6 38. Kf2 Ke7 39. Kf3 Kxe6 40.
Bg7 g5 41. Bxh6 Kf6 42. h4 gxh4 43. Bxf4 Bxf4 44. Kxf4 Kg6 45. b3 Kf6 46. g5+
Kg6 47. Kg4 h3 48. Kxh3 Kxg5 49. Kg3 Kf5 50. Kf3 Ke5 51. Ke3 Kd6 52. Ke4 Ke6
53. d4 cxd4 54. Kxd4 Kd6 55. b4 Kc7 56. c5 Kd7 57. Kd5 1-0

[Event "Koege Lang Jubilaeum Weekend Grp3 2022"]
[Site "Koge"]
[Date "2022.07.07"]
[Round "3"]
[White "Sandbech, Ted Henrik"]
[Black "Kaergaard, Sissel"]
[Result "0-1"]
[WhiteElo "1649"]
[BlackElo "1588"]
[PlyCount "98"]
[EventDate "2022.07.06"]
[EventType "tourn"]
[EventRounds "9"]
[EventCountry "DEN"]

1. Nf3 d5 2. d4 Nf6 3. c4 c6 4. e3 Bf5 5. Nc3 e6 6. cxd5 exd5 7. Qb3 Qb6 8.
Qxb6 axb6 9. Be2 Nbd7 10. O-O Bd6 11. Bd2 O-O 12. Rfe1 Ne4 13. Nxe4 Bxe4 14. a3
Nf6 15. h3 c5 16. Bc3 c4 17. Rac1 b5 18. Nd2 Bg6 19. Bd1 Ne4 20. Nxe4 Bxe4 21.
Bc2 f5 22. f4 Rfe8 23. Kf2 Re6 24. Bxe4 Rxe4 25. Rc2 Rae8 26. Rce2 Be7 27. g3
h5 28. h4 Ra8 29. Rc1 Ra4 30. Rcc2 b4 31. axb4 Bxb4 32. Bxb4 Rxb4 33. Rc3 Re6
34. Ra3 Ra6 35. Rc3 Ra2 36. Rcc2 b5 37. Rcd2 Rb3 38. Rc2 b4 39. Kf3 Rd3 40. Rf2
b3 41. Rc1 Kf7 42. Re2 Ke7 43. Kf2 Kd6 44. Ke1 Kc6 45. Rb1 Kb5 46. Rc1 Kb4 47.
Kf1 c3 48. bxc3+ Rxc3 49. Rb1 Rcc2 0-1

[Event "Koege Lang Jubilaeum Weekend Grp3 2022"]
[Site "Koge"]
[Date "2022.07.07"]
[Round "3"]
[White "Pedersen, Kim Michael"]
[Black "Nielsen, Kai Gylling"]
[Result "1/2-1/2"]
[WhiteElo "1719"]
[BlackElo "1735"]
[PlyCount "80"]
[EventDate "2022.07.06"]
[EventType "tourn"]
[EventRounds "9"]
[EventCountry "DEN"]

1. d4 c5 2. dxc5 e6 3. Bf4 Qa5+ 4. c3 Qxc5 5. e3 Nf6 6. Nd2 Nc6 7. Nb3 Qb6 8.
Nf3 d5 9. Bd3 Nh5 10. Bg5 h6 11. Bh4 e5 12. Nfd2 g6 13. Be2 Ng7 14. e4 Be6 15.
exd5 Bxd5 16. O-O g5 17. Bg3 O-O-O 18. Kh1 h5 19. f3 h4 20. Bf2 Qc7 21. Qc2 h3
22. g3 g4 23. Rfe1 f5 24. c4 Bxf3+ 25. Bxf3 gxf3 26. Nxf3 e4 27. Nfd4 Nb4 28.
Qe2 Nd3 29. Rf1 a6 30. Be3 Qd7 31. c5 Kb8 32. c6 bxc6 33. Na5 Rc8 34. Qc2 Bc5
35. Qc4 Bxd4 36. Bxd4 Rhd8 37. Bb6 Re8 38. Qxa6 e3 39. Ba7+ Kc7 40. Bb6+ Kb8
1/2-1/2

[Event "Koege Lang Jubilaeum Weekend Grp3 2022"]
[Site "Koge"]
[Date "2022.07.07"]
[Round "3"]
[White "Petersen, Rasmus"]
[Black "Nielsen, Angelo"]
[Result "1/2-1/2"]
[WhiteElo "1679"]
[BlackElo "1689"]
[PlyCount "106"]
[EventDate "2022.07.06"]
[EventType "tourn"]
[EventRounds "9"]
[EventCountry "DEN"]

1. d4 Nf6 2. c4 g6 3. Nc3 Bg7 4. e4 d6 5. Nf3 O-O 6. Be2 e5 7. O-O Nc6 8. d5
Ne7 9. b4 Ne8 10. Ne1 f5 11. f3 f4 12. Nd3 g5 13. Bd2 Rf6 14. c5 Rh6 15. Nf2
Nf6 16. Ng4 Rg6 17. Rc1 h5 18. cxd6 hxg4 19. dxe7 Qxe7 20. fxg4 Qxb4 21. Bf3
Qd4+ 22. Kh1 Bd7 23. h3 Rh6 24. Qe2 a6 25. Rfd1 Qb6 26. Be1 Qd6 27. h4 Nh7 28.
h5 Nf6 29. Rd2 Ne8 30. Rdc2 Bf6 31. Nd1 Bd8 32. Nf2 Bb5 33. Qd2 Rc8 34. Be2 Ba4
35. Rb2 Rb8 36. Qc3 Nf6 37. Rcb1 b5 38. Rc1 Ne8 39. Nd3 Bf6 40. Nc5 Ra8 41.
Nxa4 bxa4 42. Qc6 Qxc6 43. Rxc6 Bg7 44. Rc4 Rb6 45. Rxb6 cxb6 46. Rxa4 a5 47.
Bf3 Rc8 48. Kg1 Nd6 49. Ra3 Bf8 50. Rc3 Rc4 51. Rxc4 Nxc4 52. Be2 Bc5+ 53. Bf2
Ne3 1/2-1/2

[Event "Koege Lang Jubilaeum Weekend Grp3 2022"]
[Site "Koge"]
[Date "2022.07.07"]
[Round "3"]
[White "Nielsen, Jorgen Kamp"]
[Black "Dyremose, Flemming"]
[Result "0-1"]
[WhiteElo "1685"]
[BlackElo "1638"]
[PlyCount "52"]
[EventDate "2022.07.06"]
[EventType "tourn"]
[EventRounds "9"]
[EventCountry "DEN"]

1. e4 c5 2. Nf3 d6 3. c3 a6 4. d4 cxd4 5. cxd4 e6 6. Nc3 g6 7. Bg5 Qd7 8. e5 d5
9. a3 h6 10. Be3 b5 11. b4 Bb7 12. Bd3 Nc6 13. h4 Nge7 14. g4 Nc8 15. Nd2 Nb6
16. f4 O-O-O 17. Nb3 Nc4 18. Bc1 Be7 19. Qf3 Kb8 20. Be3 Qc7 21. g5 Nxe3 22.
Qxe3 Nxb4 23. Rc1 Nxd3+ 24. Qxd3 Qc4 25. Qc2 Bxa3 26. Rb1 Bb4 0-1

[Event "Koege Lang Jubilaeum Weekend Grp3 2022"]
[Site "Koge"]
[Date "2022.07.07"]
[Round "3"]
[White "Hald, Morten Hansen"]
[Black "Rasmussen, Matthias"]
[Result "0-1"]
[WhiteElo "1757"]
[BlackElo "1583"]
[PlyCount "70"]
[EventDate "2022.07.06"]
[EventType "tourn"]
[EventRounds "9"]
[EventCountry "DEN"]

1. Nc3 e5 2. Nf3 Nc6 3. d4 exd4 4. Nxd4 Nf6 5. e4 Bb4 6. Nxc6 bxc6 7. Bd3 O-O
8. Bg5 h6 9. Bd2 Re8 10. O-O Bxc3 11. Bxc3 Nxe4 12. Bd4 d6 13. Re1 Ng5 14. Qh5
Be6 15. f4 Nh7 16. f5 Bd7 17. Rxe8+ Bxe8 18. h4 Nf6 19. Qf3 Nd5 20. Qg3 Nf6 21.
Re1 c5 22. Be3 Nh5 23. Qf3 Nf6 24. g4 Nd7 25. Be4 Rb8 26. g5 Ne5 27. Qg2 h5 28.
Bc1 Rb4 29. Rd1 Bc6 30. Bxc6 Rg4 31. Qxg4 hxg4 32. Bb5 c4 33. Kg2 Qa8+ 34. Kf1
Qf3+ 35. Ke1 g3 0-1

[Event "Koege Lang Jubilaeum Weekend Grp3 2022"]
[Site "Koge"]
[Date "2022.07.07"]
[Round "4"]
[White "Kaergaard, Sissel"]
[Black "Petersen, Rasmus"]
[Result "1/2-1/2"]
[WhiteElo "1588"]
[BlackElo "1679"]
[PlyCount "45"]
[EventDate "2022.07.06"]
[EventType "tourn"]
[EventRounds "9"]
[EventCountry "DEN"]

1. d4 Nf6 2. c4 e6 3. Nc3 d5 4. e3 c5 5. Nf3 Nc6 6. Be2 Be7 7. dxc5 Bxc5 8.
cxd5 exd5 9. O-O O-O 10. a3 a6 11. Qc2 Qe7 12. b4 Ba7 13. Bb2 d4 14. exd4 Nxd4
15. Nxd4 Bxd4 16. Nd5 Bxf2+ 17. Rxf2 Nxd5 18. Bc4 Be6 19. Bxd5 Bxd5 20. Qc3 f6
21. Re1 Qf7 22. Qg3 Qg6 23. Qxg6 1/2-1/2

[Event "Koege Lang Jubilaeum Weekend Grp3 2022"]
[Site "Koge"]
[Date "2022.07.07"]
[Round "4"]
[White "Pedersen, Kim Michael"]
[Black "Sandbech, Ted Henrik"]
[Result "1/2-1/2"]
[WhiteElo "1719"]
[BlackElo "1649"]
[PlyCount "92"]
[EventDate "2022.07.06"]
[EventType "tourn"]
[EventRounds "9"]
[EventCountry "DEN"]

1. d4 d5 2. Bf4 Nf6 3. e3 Bg4 4. Nf3 e6 5. c3 c6 6. Nbd2 Qb6 7. Qb3 Nbd7 8. h3
Bh5 9. Bd3 Be7 10. Qc2 Bg6 11. O-O Bxd3 12. Qxd3 O-O 13. b4 Qd8 14. a4 Nb6 15.
Rfb1 Nc8 16. Nb3 Nd6 17. Ne5 Rc8 18. b5 Nd7 19. Nxd7 Qxd7 20. Nc5 Qc7 21. a5 b6
22. axb6 axb6 23. Na6 Qd8 24. bxc6 Rxc6 25. Nb4 Rc8 26. Ra6 Nc4 27. e4 Bg5 28.
Qg3 Bxf4 29. Qxf4 dxe4 30. Ra7 Qd6 31. Qxd6 Nxd6 32. Na2 Nc4 33. Ra4 g6 34.
Rbb4 b5 35. Rxb5 Nd6 36. Re5 Ra8 37. Rea5 Rxa5 38. Rxa5 Rb8 39. Nb4 Rc8 40. Ra6
Nb5 41. Nc6 Kg7 42. c4 Nc7 43. Ra4 Ne8 44. Ra6 Nc7 45. Ra4 Ne8 46. Ra6 Nf6
1/2-1/2

[Event "Koege Lang Jubilaeum Weekend Grp3 2022"]
[Site "Koge"]
[Date "2022.07.07"]
[Round "4"]
[White "Nielsen, Angelo"]
[Black "Nielsen, Jorgen Kamp"]
[Result "1-0"]
[WhiteElo "1689"]
[BlackElo "1685"]
[PlyCount "83"]
[EventDate "2022.07.06"]
[EventType "tourn"]
[EventRounds "9"]
[EventCountry "DEN"]

1. d4 Nf6 2. Bg5 e6 3. Bxf6 Qxf6 4. Nf3 c5 5. e3 b6 6. c3 Bb7 7. Be2 cxd4 8.
exd4 Bd6 9. Nbd2 Nc6 10. Ne4 Qe7 11. Nxd6+ Qxd6 12. O-O O-O 13. Re1 Ne7 14. Ne5
Rac8 15. a4 Qc7 16. a5 Nc6 17. axb6 axb6 18. Nxc6 dxc6 19. Bf3 Rfd8 20. Qe2 Ra8
21. h3 Rxa1 22. Rxa1 Ra8 23. Rxa8+ Bxa8 24. Qa6 Qb7 25. Qa4 Qc8 26. b4 b5 27.
Qa7 Bb7 28. Qb6 g6 29. Qc5 Qf8 30. Qe5 Qc8 31. Qd6 Kg7 32. g4 Kg8 33. g5 Qf8
34. Qc7 Qa8 35. h4 Kg7 36. Kg2 Kg8 37. Kg3 Kf8 38. Kf4 Qc8 39. Qxc8+ Bxc8 40.
Bxc6 Ba6 41. Ke5 Ke7 42. f4 1-0

[Event "Koege Lang Jubilaeum Weekend Grp3 2022"]
[Site "Koge"]
[Date "2022.07.07"]
[Round "4"]
[White "Dyremose, Flemming"]
[Black "Hald, Morten Hansen"]
[Result "0-1"]
[WhiteElo "1638"]
[BlackElo "1757"]
[PlyCount "62"]
[EventDate "2022.07.06"]
[EventType "tourn"]
[EventRounds "9"]
[EventCountry "DEN"]

1. d4 d5 2. c4 Nc6 3. Nf3 Bg4 4. e3 Nf6 5. Nc3 e6 6. a3 Ne4 7. cxd5 Nxc3 8.
bxc3 Bxf3 9. Qxf3 Qxd5 10. Qxd5 exd5 11. Bb5 a6 12. Bxc6+ bxc6 13. Rb1 Bd6 14.
O-O Kd7 15. a4 f5 16. f3 c5 17. Bd2 Rab8 18. e4 Rxb1 19. Rxb1 fxe4 20. fxe4
dxe4 21. Be3 Kc6 22. h3 Rf8 23. Rd1 Rf7 24. d5+ Kb6 25. c4 Ka5 26. Rb1 Kxa4 27.
Bd2 Be5 28. Re1 Bd4+ 29. Kh1 e3 30. Bxe3 Bxe3 31. Rxe3 Kb4 0-1

[Event "Koege Lang Jubilaeum Weekend Grp3 2022"]
[Site "Koge"]
[Date "2022.07.07"]
[Round "4"]
[White "Nielsen, Kai Gylling"]
[Black "Rasmussen, Matthias"]
[Result "1/2-1/2"]
[WhiteElo "1735"]
[BlackElo "1583"]
[PlyCount "46"]
[EventDate "2022.07.06"]
[EventType "tourn"]
[EventRounds "9"]
[EventCountry "DEN"]

1. e4 c6 2. Nf3 d5 3. exd5 cxd5 4. d4 Bf5 5. Nbd2 e6 6. Be2 Qc7 7. c3 Bd6 8.
Nf1 h6 9. Bd3 Ne7 10. Ne3 Bg6 11. Qc2 O-O 12. O-O Nbc6 13. Bd2 e5 14. dxe5 Nxe5
15. Nxe5 Bxe5 16. g3 Rac8 17. Rac1 d4 18. cxd4 Qxc2 19. Bxc2 Bxd4 20. Bxg6 Nxg6
21. b3 Ne5 22. Kg2 Nd3 23. Rc4 Bxe3 1/2-1/2

[Event "Koege Lang Jubilaeum Weekend Grp3 2022"]
[Site "Koge"]
[Date "2022.07.08"]
[Round "5"]
[White "Nielsen, Jorgen Kamp"]
[Black "Kaergaard, Sissel"]
[Result "1-0"]
[WhiteElo "1685"]
[BlackElo "1588"]
[PlyCount "65"]
[EventDate "2022.07.06"]
[EventType "tourn"]
[EventRounds "9"]
[EventCountry "DEN"]

1. e4 c5 2. Nf3 d6 3. c3 Nf6 4. Be2 Nxe4 5. Qa4+ Nc6 6. Qxe4 e6 7. d4 d5 8. Qc2
Be7 9. Bf4 O-O 10. O-O cxd4 11. Nxd4 Bg5 12. Bxg5 Qxg5 13. Nf3 Qf6 14. Qd2 Rd8
15. Qg5 Qxg5 16. Nxg5 h6 17. Nf3 e5 18. Na3 Bg4 19. h3 Bh5 20. Rfe1 a6 21. Nh4
Bxe2 22. Rxe2 d4 23. cxd4 exd4 24. Rd2 b5 25. Nc2 Rac8 26. Rad1 d3 27. Ne1 Nb4
28. a3 Nc2 29. Nxd3 Nd4 30. Ne1 Rc4 31. Nhf3 Ne2+ 32. Kf1 Rxd2 33. Nxd2 1-0

[Event "Koege Lang Jubilaeum Weekend Grp3 2022"]
[Site "Koge"]
[Date "2022.07.08"]
[Round "5"]
[White "Petersen, Rasmus"]
[Black "Pedersen, Kim Michael"]
[Result "1/2-1/2"]
[WhiteElo "1679"]
[BlackElo "1719"]
[PlyCount "46"]
[EventDate "2022.07.06"]
[EventType "tourn"]
[EventRounds "9"]
[EventCountry "DEN"]

1. d4 d5 2. c4 Nf6 3. cxd5 Qxd5 4. Nc3 Qa5 5. Nf3 g6 6. Bf4 c6 7. Qd2 Nd5 8.
Nxd5 Qxd2+ 9. Kxd2 cxd5 10. e3 e6 11. a3 Be7 12. Bb5+ Bd7 13. Bd3 Nc6 14. b4
O-O 15. Rac1 Rfc8 16. Ne5 Be8 17. Nxc6 Bxc6 18. Rc3 a6 19. Rhc1 Kf8 20. Bg3 Ke8
21. f3 f5 22. Be5 Kd8 23. R1c2 Bd7 1/2-1/2

[Event "Koege Lang Jubilaeum Weekend Grp3 2022"]
[Site "Koge"]
[Date "2022.07.08"]
[Round "5"]
[White "Sandbech, Ted Henrik"]
[Black "Nielsen, Kai Gylling"]
[Result "1-0"]
[WhiteElo "1649"]
[BlackElo "1735"]
[PlyCount "85"]
[EventDate "2022.07.06"]
[EventType "tourn"]
[EventRounds "9"]
[EventCountry "DEN"]

1. Nf3 d5 2. d4 Nf6 3. c4 c6 4. e3 Bg4 5. Nc3 Nbd7 6. cxd5 cxd5 7. Be2 e6 8.
O-O Be7 9. Bd2 a6 10. Rc1 Rc8 11. Ne1 Bxe2 12. Nxe2 O-O 13. Rxc8 Qxc8 14. Qb3
Ne4 15. Nf3 b5 16. Rc1 Qb8 17. Bb4 Bxb4 18. Qxb4 Rc8 19. Qe1 f5 20. Rxc8+ Qxc8
21. Qc1 Qb7 22. Nf4 Kf7 23. Nd3 g5 24. Nfe5+ Nxe5 25. Nxe5+ Kg7 26. f3 Nd6 27.
b3 h6 28. Qc5 Nf7 29. Nxf7 Kxf7 30. h3 a5 31. a3 Qb8 32. b4 axb4 33. axb4 f4
34. e4 dxe4 35. fxe4 f3 36. Qc3 Qg3 37. Qxf3+ Qxf3 38. gxf3 Kf6 39. Kf2 h5 40.
Kg3 h4+ 41. Kg4 Kg6 42. f4 gxf4 43. Kxf4 1-0

[Event "Koege Lang Jubilaeum Weekend Grp3 2022"]
[Site "Koge"]
[Date "2022.07.08"]
[Round "5"]
[White "Hald, Morten Hansen"]
[Black "Nielsen, Angelo"]
[Result "1/2-1/2"]
[WhiteElo "1757"]
[BlackElo "1689"]
[PlyCount "113"]
[EventDate "2022.07.06"]
[EventType "tourn"]
[EventRounds "9"]
[EventCountry "DEN"]

1. Nc3 g6 2. h4 Nf6 3. d4 d6 4. e4 c6 5. Be2 b5 6. Bf3 h5 7. Bg5 b4 8. Nce2 Qc7
9. Qd2 a5 10. c3 Qb6 11. c4 Nbd7 12. Ng3 Rb8 13. b3 Bg7 14. N1e2 c5 15. O-O
cxd4 16. Qxd4 Qxd4 17. Nxd4 Ne5 18. Rad1 Bd7 19. Be2 Rc8 20. f3 O-O 21. f4 Neg4
22. f5 Ne5 23. Nf3 Rc5 24. Be3 Rcc8 25. Nxe5 dxe5 26. c5 Bc6 27. fxg6 fxg6 28.
Bc4+ Kh7 29. Bd5 Bh6 30. Bxh6 Kxh6 31. Bxc6 Rxc6 32. Rd5 Rfc8 33. Rxe5 R8c7 34.
Rc1 Ng4 35. Rd5 Ne3 36. Rd3 Ng4 37. Ne2 Rxc5 38. Rxc5 Rxc5 39. Rd2 Nf6 40. Ng3
Rc3 41. e5 Ng4 42. Ne2 Re3 43. g3 Rxe5 44. Kg2 e6 45. Kf3 Re3+ 46. Kg2 e5 47.
Ng1 Rc3 48. Nf3 Rc2 49. Rxc2 Ne3+ 50. Kf2 Nxc2 51. Nxe5 Nd4 52. Ke3 Nb5 53. Nc6
Nc3 54. Nxa5 Nxa2 55. Nc6 g5 56. hxg5+ Kxg5 57. Kf3 1/2-1/2

[Event "Koege Lang Jubilaeum Weekend Grp3 2022"]
[Site "Koge"]
[Date "2022.07.08"]
[Round "5"]
[White "Rasmussen, Matthias"]
[Black "Dyremose, Flemming"]
[Result "0-1"]
[WhiteElo "1583"]
[BlackElo "1638"]
[PlyCount "120"]
[EventDate "2022.07.06"]
[EventType "tourn"]
[EventRounds "9"]
[EventCountry "DEN"]

1. d4 d5 2. Nf3 e6 3. Bf4 Nf6 4. Nbd2 c5 5. c3 Nc6 6. e3 Be7 7. Bd3 a6 8. O-O
O-O 9. dxc5 Bxc5 10. Qc2 Be7 11. Rad1 Bd7 12. e4 dxe4 13. Nxe4 h6 14. Nc5 Bxc5
15. Ne5 Nxe5 16. Bxe5 Kh8 17. Rd2 Be7 18. Rfd1 Qc8 19. Qc1 Bc6 20. Bc2 Rd8 21.
Rxd8+ Bxd8 22. g4 Nxg4 23. Bf4 g5 24. Bg3 f5 25. h3 f4 26. Bxf4 gxf4 27. Qxf4
Bg5 28. Qxg4 Qg8 29. Kf1 Bf6 30. Qf4 Qg5 31. Qc7 Bg2+ 32. Ke1 Qe5+ 33. Qxe5
Bxe5 34. Rd7 Bxh3 35. Rxb7 Rb8 36. Rh7+ Kg8 37. Rxh6 Bf5 38. Bxf5 exf5 39. Re6
Bg7 40. Re2 Kf7 41. c4 Rxb2 42. Rxb2 Bxb2 43. Ke2 Ke6 44. Kd3 Ke5 45. Kc2 Bd4
46. f3 Kf4 47. Kd3 Bc5 48. Ke2 Kg3 49. a4 a5 50. Kf1 Kxf3 51. Ke1 Ke3 52. Kf1
f4 53. Ke1 f3 54. Kf1 f2 55. Kg2 Kd3 56. Kf1 Kxc4 57. Ke2 Kb4 58. Kd2 f1=Q 59.
Kc2 Qe2+ 60. Kb1 Kb3 0-1

[Event "Koege Lang Jubilaeum Weekend Grp3 2022"]
[Site "Koge"]
[Date "2022.07.08"]
[Round "6"]
[White "Kaergaard, Sissel"]
[Black "Hald, Morten Hansen"]
[Result "1/2-1/2"]
[WhiteElo "1588"]
[BlackElo "1757"]
[PlyCount "55"]
[EventDate "2022.07.06"]
[EventType "tourn"]
[EventRounds "9"]
[EventCountry "DEN"]

1. d4 d5 2. Nf3 Nc6 3. Bf4 e6 4. e3 Bd6 5. Bg3 Bxg3 6. hxg3 Bd7 7. c4 Nf6 8.
Nbd2 Qe7 9. a3 e5 10. dxe5 Nxe5 11. cxd5 Nxd5 12. Be2 Bc6 13. O-O h5 14. Nh4 g6
15. Nc4 O-O-O 16. Qb3 Nb6 17. Nxe5 Qxe5 18. Qxf7 Be8 19. Nxg6 Qxb2 20. Qf5+ Bd7
21. Qe5 Qxe5 22. Nxe5 Be6 23. a4 Nd7 24. Nxd7 Rxd7 25. a5 Rg7 26. a6 b6 27. Ra4
Bg4 28. Bxg4+ 1/2-1/2